000 00582nam a22002177a 4500
005 20170124110104.0
010 _aB-081062
020 _c100.00
_a817110216
035 _aB-081062
037 _bCen Lib/Ret
040 _aDPL
_bEN
082 _aS
_bSHA
100 _aSharma, S.N.
_927757
245 _aStories from mahabharata /
_cby S. N. Sharma
260 _aDelhi
_bParimal Publications
_c2003
270 _bDelhi
_a27/28, Shakti Nagar
_e110007
300 _a159p.
_c20cm(Hb)
650 _aLiterature
_96262
650 _aShort stories
_944
942 _2ddc
_cEN
_hS
_mSHA
999 _c129913
_d129913